| 000 | 00892nam0a2200301 4500 | ||
|---|---|---|---|
| 001 | RU\NLR\bibl\106388 | ||
| 005 | 20250617085856.0 | ||
| 010 |
_a5-89676-061-2 _915000 |
||
| 021 |
_aRU _b2000-15228 _9738 |
||
| 035 | _a(NLR Aleph) 000104114 | ||
| 090 |
_a588909 _c588909 |
||
| 100 | _a20000905d2000 |||y0rusy50 ca | ||
| 101 | 0 | _arus | |
| 102 | _aRU | ||
| 105 | _ay ||||||||| | ||
| 200 | 1 |
_aОгурцы _fГордей Рассолов |
|
| 210 |
_aМ. _cЧ.А.О. и К° _d2000 |
||
| 215 |
_a29,[2] с. _d20 |
||
| 225 | 1 | _aМинимум усилий - максимальный урожай | |
| 606 | 0 |
_aОгурцы _91733643 _3RU\NLR\auth\66775103 |
|
| 686 | _aП241.71 | ||
| 700 | 1 |
_aРассолов _bГ. _gГордей _4070 |
|
| 801 | 0 |
_aRU _bNLR _c20000905 _gPSBO |
|
| 801 | 1 |
_aRU _bNLR _c20000905 |
|
| 852 |
_aNLR _j2000-4/4357 |
||
| 942 | _cBOOK | ||
| 980 | _aNB | ||